| 000 | 01459nam a2200325 a 4500 | ||
|---|---|---|---|
| 001 | ebr10041186 | ||
| 003 | CaPaEBR | ||
| 006 | m u | ||
| 007 | cr cn||||||||| | ||
| 008 | 960205s1995 dcua sb 000 0 eng d | ||
| 010 | _z 95071602 | ||
| 020 | _z0309053471 | ||
| 040 |
_aCaPaEBR _cCaPaEBR |
||
| 035 | _a(OCoLC)43475744 | ||
| 050 | 1 | 4 |
_aQ180.U5 _bN25 1995eb |
| 082 | 0 | 4 |
_a353.0085/5 _220 |
| 110 | 2 |
_aNational Research Council (U.S.). _bCommittee on Criteria for Federal Support of Research and Development. |
|
| 245 | 1 | 0 |
_aAllocating federal funds for science and technology _h[electronic resource] / _cCommittee on Criteria for Federal Support of Research and Development, National Academy of Sciences, National Academy of Engineering, Institute of Medicine, National Research Council. |
| 260 |
_aWashington, D.C. : _bNational Academy Press, _c1995. |
||
| 300 |
_aix, 97 p. : _bill. |
||
| 504 | _aIncludes bibliographical references. | ||
| 533 |
_aElectronic reproduction. _bPalo Alto, Calif. : _cebrary, _d2013. _nAvailable via World Wide Web. _nAccess may be limited to ebrary affiliated libraries. |
||
| 650 | 0 | _aFederal aid to research. | |
| 650 | 0 | _aScience. | |
| 650 | 0 | _aTechnology. | |
| 650 | 0 | _aEndowment of research. | |
| 655 | 7 |
_aElectronic books. _2local |
|
| 710 | 2 | _aebrary, Inc. | |
| 856 | 4 | 0 |
_uhttp://site.ebrary.com/lib/rucke/Doc?id=10041186 _zAn electronic book accessible through the World Wide Web; click to view |
| 999 |
_c159249 _d159249 |
||